000
00296nam a2200121Ia 4500
005
20251222142017.0
008
251222s9999||||xx |||||||||||||| ||spa||
082
_a
791.437/P83
100
_a
Pozo, Mariano Del
245
0
_a
El Cine y su CrÃtica
264
_b
Universidad de Navarra
942
_c
LIB
999
_c
10508
_d
10508